000 00352cam a22001217a 4500
008 180718b1984 xxu||||| |||| 00| 0 eng d
082 _aA2x54 Si64/84 (R)
245 _aIndian books in print, 1984
_cedited by Sher Singh
260 _aDelhi
_bIndian Bibliographies Bureau
_c1984
300 _a3v.
650 _aIndia - Bibliography
700 _aSingh, Sher
999 _c353500
_d353500